|
|
|
|
| LEADER |
00000nab a2200000u 4500 |
| 001 |
vtls012057556 |
| 003 |
SK-MaSNL |
| 005 |
20260305013725.0 |
| 008 |
210608|2021 xo ||||||| || ||slo| |
| 038 |
|
|
|a KEVKJB
|
| 040 |
|
|
|a KEVKJB
|b slo
|e rda
|
| 041 |
0 |
|
|a slo
|
| 043 |
|
|
|a e-xo---
|
| 044 |
|
|
|a xo
|c SK
|
| 072 |
|
7 |
|a 027
|x Univerzálne knižnice. Verejné knižnice
|2 konspekt
|
| 080 |
|
|
|a 027.4/.5
|2 2011
|
| 100 |
1 |
|
|a red.
|4 aut
|9 848321
|
| 245 |
1 |
0 |
|a Prečítali ste už všetky knihy? Navštívte virtuálnu knižnicu
|c [autor] red.
|
| 300 |
|
|
|b Fotografie
|
| 336 |
|
|
|a text
|b txt
|2 rdacontent
|
| 337 |
|
|
|a bez média
|b n
|2 rdamedia
|
| 338 |
|
|
|a zväzok
|b nc
|2 rdacarrier
|
| 610 |
2 |
7 |
|a Košický samosprávny kraj (Slovensko).
|b Úrad
|2 SNKKA
|9 30611
|
| 610 |
2 |
7 |
|a Verejná knižnica Jána Bocatia v Košiciach
|2 kevkjb
|9 29554
|
| 650 |
0 |
7 |
|a virtuálne knižnice
|2 SNKPH
|9 67216
|
| 651 |
|
7 |
|a Košice (Slovensko)
|2 SNKPHgeo
|9 18694
|
| 651 |
|
7 |
|a Košický samosprávny kraj (Slovensko)
|2 SNKPHgeo
|9 195425
|
| 773 |
0 |
|
|t Rozhýbaný kraj
|g Roč. 3., č. 1 (2021), s. 12
|x 2644-4259
|
| 852 |
|
|
|a KEVKJB
|b KIS3GCP
|
| 958 |
|
|
|a KL
|
| 999 |
|
|
|c 3265621
|d 3267551
|